书目信息 |
| 题名: |
美国人与中国人
|
|
| 作者: | 许烺光 著 ;沈彩艺 译 | |
| 分册: | ||
| 出版信息: | 杭州 浙江人民出版社 2017 |
|
| 页数: | 33,455页 | |
| 开本: | 24cm | |
| 丛书名: | ||
| 单 册: | ||
| 中图分类: | G05 , C955.2 , C955.712.1 | |
| 科图分类: | ||
| 主题词: | 文化心理学--对比研究--中国--美国 , 民族性--对比研究--中国--美国 | |
| 电子资源: | ||
| ISBN: | 978-7-213-08060-9 | |
| 000 | 01543nam0 2200301 450 | |
| 001 | 012001003466 | |
| 005 | 20131013113143.0 | |
| 010 | @a978-7-213-08060-9@b精装@dCNY99.80 | |
| 100 | @a20171222d2017 em y0chiy50 ea | |
| 101 | 1 | @achi@ceng |
| 102 | @aCN@b330000 | |
| 105 | @ay z 000yy | |
| 106 | @ar | |
| 200 | 1 | @a美国人与中国人@Amei guo ren yu zhong guo ren@dAmericans and Chinese@f(美)许烺光著@g沈彩艺译@zeng |
| 210 | @a杭州@c浙江人民出版社@d2017 | |
| 215 | @a33,455页@d24cm | |
| 314 | @a许烺光(1909—1999),出生在中国,毕业于沪江大学,曾留学英国伦敦大学,获博士学位,后回到中国从事实地调查和研究,1947年执教于美国西北大学人类学系,1977年—1978年当选为美国人类学协会主席。许烺光与露丝·本尼迪克特(《菊与刀》的作者)、玛格丽特·米德一样,同属于文化心理学派,独特的经历和东西方文化双重影响下“边缘人”的“身份以及卓越的才识,使他成为有资格写这样一本书的人”。 | |
| 330 | @a本书作者在社会文化生活的重要的构成中寻找和确定美国人与中国人思想和情感的特征。他用环环相扣的推衍和阐释,将美国人与中国人本质上的文化心理区别——以个人主义为中心与以情境主义为中心,推演至个体的社会心理及社会整体的价值取向,并进而探讨它们在受到内部及外在的挑战时将发生怎样的改变。 | |
| 510 | 1 | @aMericans and Chinese@zeng |
| 606 | 0 | @a文化心理学@x对比研究@y中国@z美国 |
| 606 | 0 | @a民族性@x对比研究@y中国@z美国 |
| 690 | @aG05@v5 | |
| 690 | @aC955.2@v5 | |
| 690 | @aC955.712.1@v5 | |
| 701 | 0 | @c(美)@a许烺光@Axu lang guang@f(1909-1999)@4著 |
| 702 | 0 | @c(侗)@a沈彩艺@Ashen cai yi@f(1975- )@4译 |
| 801 | @b江苏凤凰@c20191020 | |
| 905 | @b1233014-7@dG05@e126@f4 | |
| 美国人与中国人=Americans and Chinese/(美)许烺光著/沈彩艺译.-杭州:浙江人民出版社,2017 |
| 33,455页;24cm |
| ISBN 978-7-213-08060-9(精装):CNY99.80 |
| 本书作者在社会文化生活的重要的构成中寻找和确定美国人与中国人思想和情感的特征。他用环环相扣的推衍和阐释,将美国人与中国人本质上的文化心理区别——以个人主义为中心与以情境主义为中心,推演至个体的社会心理及社会整体的价值取向,并进而探讨它们在受到内部及外在的挑战时将发生怎样的改变。 |
| ● |
| 相关链接 |
|
|
|
|
正题名:美国人与中国人
索取号:G05/126
 
预约/预借
| 序号 | 登录号 | 条形码 | 馆藏地/架位号 | 状态 | 备注 |
| 1 | 1233014 | 212330146 | 第一样本阅览室/ [索取号:G05/126] | 在馆 | |
| 2 | 1233015 | 212330155 | 教育系资料室/ [索取号:G05/126] | 在馆 | |
| 3 | 1233016 | 212330164 | 教育系资料室/ [索取号:G05/126] | 在馆 | |
| 4 | 1233017 | 212330173 | 第四借阅区/ [索取号:G05/126] | 在馆 |